|
|
|
|
| LEADER |
01282cam a2200313 7i4500 |
| 001 |
0000038526 |
| 005 |
20180109090000.0 |
| 020 |
|
|
|a 9789834508944 (pbk)
|
| 090 |
0 |
0 |
|a HD62.4
|b .F43 2010
|
| 100 |
0 |
|
|a Fariza Hashim
|
| 245 |
1 |
0 |
|a International business
|c Fariza Hashim, Abdul Rahim Abu Bakar, Asmat Nizam Abdul Talib.
|
| 250 |
|
|
|a 2nd ed.
|
| 260 |
|
|
|a Shah Alam, Selangor:
|b Oxford Fajar Sdn. Bhd.,
|c 2010.
|
| 300 |
|
|
|a xxx, 641 p.:
|b ill.;
|c 25 cm.
|
| 500 |
|
|
|a Gift: Faculty of Business & Accountancy
|
| 504 |
|
|
|a Includes bibliographical references and index
|
| 650 |
0 |
0 |
|a International business enterprises --
|z Asia
|
| 650 |
0 |
0 |
|a International trade
|
| 651 |
|
0 |
|a Asia --
|x Economic conditions
|
| 700 |
0 |
|
|a Abdul Rahim Abu Bakar
|
| 700 |
0 |
|
|a Asmat Nizam Abdul Talib
|
| 997 |
|
|
|a Business & Accountancy, Faculty
|
| 999 |
|
|
|a 0000025767
|b BOK
|c OPEN SHELF
|e 1st Floor, Shah Alam
|
| 999 |
|
|
|a 0000025768
|b BOK
|c OPEN SHELF
|e 1st Floor, Shah Alam
|
| 999 |
|
|
|a 0000025769
|b BOK
|c OPEN SHELF
|e 1st Floor, Shah Alam
|
| 999 |
|
|
|a 0000059072
|b BOK
|c OPEN SHELF
|e 1st Floor, Shah Alam
|
| 999 |
|
|
|a 0000059796
|b BOK
|c OPEN SHELF
|e 1st Floor, Shah Alam
|
| 999 |
|
|
|a 0000059797
|b BOK
|c OPEN SHELF
|e 1st Floor, Shah Alam
|
| 999 |
|
|
|a 0000060818
|b BOK
|c OPEN SHELF
|e 1st Floor, Shah Alam
|